Tiroidoterapia (Record no. 45442)

MARC details
000 -LEADER
campo de control de longitud fija 00668nam a2200181 i 4500
001 - NÚMERO DE CONTROL
campo de control 45442
003 - IDENTIFICADOR DE NÚMERO DE CONTROL
campo de control ES-MaACL
005 - FECHA Y HORA DE LA ÚLTIMA TRANSACCIÓN
campo de control 20230906161223.0
007 - CAMPO FIJO DE DESCRIPCIÓN FÍSICA--INFORMACIÓN GENERAL
campo de control de longitud fija t|
008 - DATOS DE LONGITUD FIJA--INFORMACIÓN GENERAL
campo de control de longitud fija 030326s1898 sp ||||1| spa d
100 1# - ENTRADA PRINCIPAL--NOMBRE DE PERSONA
Nombre de persona Coll y Bofill, Juan.
9 (RLIN) 39636
245 10 - MENCIÓN DEL TÍTULO
Título Tiroidoterapia
Resto del título : (algunos datos para el estudio) : tesis doctoral /
Mención de responsabilidad, etc. por Juan Coll y Bofill.
260 ## - PUBLICACIÓN, DISTRIBUCIÓN, ETC.
Lugar de publicación, distribución, etc. Barcelona :
Nombre del editor, distribuidor, etc. [s.n.],
Fecha de publicación, distribución, etc. 1898 (
Fabricante Tip. La Académica, de Serra Hermanos y Russell)
300 ## - DESCRIPCIÓN FÍSICA
Extensión 44 p. ;
Dimensiones 26 cm.
594 ## - Nota al título y mención de responsabilidad
Nota al título y mención de responsabilidad Precede al tít.: Tesis para el doctorado en medicina y cirugía.
650 #4 - PUNTO DE ACCESO ADICIONAL DE MATERIA--TÉRMINO DE MATERIA
Término de materia o nombre geográfico como elemento de entrada Tiroides.
9 (RLIN) 136932
852 ## - LOCALIZACIÓN
Ubicación ES-MaACL
Número de control de estantería T-784-F-10
Nota libre .- Dedicatoria manuscrita del autor
Holdings
Estatus retirado Estado de pérdida Estado de daño No para préstamo Colección Biblioteca de origen Biblioteca actual Ubicación en estantería Fecha de adquisición Fuente de adquisición Total de préstamos Signatura topográfica completa Código de barras Visto por última vez Precio de reemplazo Tipo de ítem Koha
        Colección de folletos Biblioteca del Ateneo de Madrid Biblioteca del Ateneo de Madrid Depósito folletos 17/01/2008     T-784-F-10 1047815 23/02/2023 23/02/2023 Folleto